000 00754cam a2200265 4500
001 4895
005 20181127174345.0
007 ta
008 130402s2013 ii 000 f eng d
010 _a 2013332025
020 _a9382618341
020 _a9789382618348
042 _alccopycat
_alcode
100 1 _aTripathi, Amish.
245 1 4 _aThe oath of the Vayuputras :
_bBook 3 of the Shiva trilogy /
_cAmish.
264 1 _aChennai :
_bWestland,
_c2013.
300 _axx, 575 pages ;
_c20 cm
336 _atext
_2rdacontent
337 _aunmediated
_2rdamedia
338 _avolume
_2rdacarrier
500 _aNovel.
500 _aSequel to: The secret of the Nagas.
650 0 _aMythology, Indic
_vFiction.
650 0 _aSiva (Hindu deity)
_vFiction.
999 _c4072
_d4072